Vedic Mathematics made easy / (Record no. 1012)

000 -LEADER
fixed length control field 00586ntm a2200217 a 4500
008 - FIXED-LENGTH DATA ELEMENTS--GENERAL INFORMATION
fixed length control field 191119r20122014ii a|||g |||| 00| 0 eng d
020 ## - INTERNATIONAL STANDARD BOOK NUMBER
International Standard Book Number 9788184953015
Terms of availability Rs. 199.00
040 ## - CATALOGING SOURCE
Original cataloging agency IMU Kochi Library
Language of cataloging eng
041 0# - LANGUAGE CODE
Language code of text/sound track or separate title eng
044 ## - COUNTRY OF PUBLISHING/PRODUCING ENTITY CODE
MARC country code India
082 04 - DEWEY DECIMAL CLASSIFICATION NUMBER
Edition number 23
Classification number 510
Item number B3204
100 1# - MAIN ENTRY--PERSONAL NAME
Personal name Bathia, Dhaval
245 10 - TITLE STATEMENT
Title Vedic Mathematics made easy /
260 ## - PUBLICATION, DISTRIBUTION, ETC. (IMPRINT)
Place of publication, distribution, etc Mumbai :
Name of publisher, distributor, etc Jaico Publishing House ,
Date of publication, distribution, etc 2012, reprinted 2014
300 ## - PHYSICAL DESCRIPTION
Extent x, 240 p. ;
Dimensions 22 cm +
Accompanying material 1 CD-ROM
650 #0 - SUBJECT ADDED ENTRY--TOPICAL TERM
Topical term or geographic name as entry element Hindu mathematics
650 #0 - SUBJECT ADDED ENTRY--TOPICAL TERM
Topical term or geographic name as entry element Mathematics, Ancient
852 ## - LOCATION/CALL NUMBER
Location IMU Kochi Library
904 ## - LOCAL DATA ELEMENT D, LDD (RLIN)
CATALOGER Akhil Bose
942 ## - ADDED ENTRY ELEMENTS (KOHA)
Item type Books
Holdings
Withdrawn status Lost status Source of classification or shelving scheme Damaged status Not for loan Collection code Permanent location Current location Shelving location Date acquired Source of acquisition Cost, normal purchase price Full call number Barcode Date last seen Koha item type Public note
          Mathematics IMU Kochi Library IMU Kochi Library Fiction & General 2014-12-03 M/s Current Books (Inv. No.000983 Dt 2014-11-24) 199.00 510 B3204 BK001137 2019-11-19 Books Shelf-18, Row-4
          Mathematics IMU Kochi Library IMU Kochi Library Staff Office 2014-12-03 Accompanying Material (free with textbook)   510 B3204 CD 001137CD 2020-09-14 Compact Disc Circulation Sec, Drawer No.4


Copyright © All Rights Reserved by Indian Maritime University, Kochi Campus.
For any Suggestions/Query Contact to library or Email: library.kochi@imu.ac.in Ph:(0484)-2989402
(Web OPAC Designed by Rudra Ranjan. Maintained by IMU Kochi Library)

Powered by Koha